عرض عادي
عرض مارك
- مصر
دخول Geographic Name
001 - CONTROL NUMBER
- control field: 29342
003 - CONTROL NUMBER IDENTIFIER
- control field: AE-AdECS
005 - DATE AND TIME OF LATEST TRANSACTION
- control field: 20260427095151.0
008 - FIXED-LENGTH DATA ELEMENTS
- fixed length control field: 260427|| aca||aabn | a|a d
040 ## - CATALOGING SOURCE
- Original cataloging agency: AE-AdECS
- Transcribing agency: AE-AdECS
151 ## - HEADING--GEOGRAPHIC NAME
- Geographic name: مصر
- General subdivision: العلاقات الخارجية
- General subdivision: في وسائل الإعلام
- Geographic subdivision: روسيا
670 ## - SOURCE DATA FOUND
- Source citation: Work cat.: (AE-AdECS)294930: أحمد، رندا عبد الخالق ثروت عبد الصبور، مؤلف. 29337, اتجاهات الخطاب الإعلامي للعلاقات المصرية الروسية :
